header

Early childhood education and care (Record no. 16892)

MARC details
000 -LEADER
fixed length control field 01294nam a2200325 a 4500
245 00 - TITLE STATEMENT
Title Early childhood education and care
260 ## - PUBLICATION, DISTRIBUTION, ETC. (IMPRINT)
Place of publication Thousand Oaks, CA :
Name of publisher SAGE Publications,
Year of publication 2007.
300 ## - PHYSICAL DESCRIPTION
Number of Pages xv, 192 p.
650 #0 - SUBJECT ADDED ENTRY--TOPICAL TERM
Topical Term Early childhood education
Topical Term Child care
700 1# - ADDED ENTRY--PERSONAL NAME
Personal name Clark, Margaret.
Personal name Waller, Tim.
856 40 - ELECTRONIC LOCATION AND ACCESS
Uniform Resource Identifier http://site.ebrary.com/lib/rucke/Doc?id=10285278

No items available.

© 2026 Rongo University
Contact us: librarian | system librarian | Rongo university